| 000 | 01101cam a2200301 i 4500 | ||
|---|---|---|---|
| 001 | 17992138 | ||
| 003 | PILC | ||
| 005 | 20150804142150.0 | ||
| 008 | 140109s2014 nyu b 001 0 eng | ||
| 010 | _a 2013049908 | ||
| 020 | _a9781107034662 (hardback) | ||
| 020 | _a9781107661455 (pbk.) | ||
| 040 |
_aDLC _beng _cDLC _erda _dDLC |
||
| 042 | _apcc | ||
| 050 | 0 | 0 |
_aHG 173 _b.B76 2014 |
| 082 | 0 | 0 | _a332.01/5195 |
| 100 | 1 |
_aBrooks, Chris, _d1971- |
|
| 245 | 1 | 0 |
_aIntroductory econometrics for finance / _cChris Brooks, The ICMA Centre, Henley Business School, University of Reading. |
| 250 | _a3rd edition. | ||
| 260 |
_aUnited Kingdom : _bCambridge University Press, _c2014. |
||
| 300 |
_axxiv, 716 pages : _c25 cm. _billustrations (chiefly color) ; |
||
| 500 | _aIncludes bibliographical references and index. | ||
| 650 | 0 |
_aFinance _xEconometric models. |
|
| 650 | 0 | _aEconometrics. | |
| 906 |
_a7 _bcbc _corignew _d1 _eecip _f20 _gy-gencatlg |
||
| 942 |
_2lcc _cBK |
||
| 999 |
_c288311 _d288311 |
||